[Event "SWE-ch"]
[Site "Orebro"]
[Date "2000.07.07"]
[Round "6"]
[White "Hellsten, Johan"]
[Black "Hector, Jonny"]
[Result "0-1"]
[WhiteElo "2470"]
[BlackElo "2509"]
[PlyCount "102"]
[EventDate "2000.07.02"]
[EventType "tourn"]
[EventRounds "13"]
[EventCountry "SWE"]
[EventCategory "8"]
[Source "Fruth,M"]
[SourceDate "2003.05.15"]

1. d4 d5 2. Nf3 Nf6 3. c4 c6 4. Nc3 dxc4 5. e3 b5 6. a4 b4 7. Nb1 Ba6 8. Be2 c5
9. Nbd2 c3 10. bxc3 bxc3 11. Nb1 Qa5 12. O-O e6 13. Ba3 Be7 14. Ne5 Bxe2 15.
Qxe2 cxd4 16. exd4 Bxa3 17. Rxa3 O-O 18. Qf3 c2 19. Qxa8 Qb4 20. Ra1 Qxd4 21.
Na3 Qxe5 22. Nxc2 Ng4 23. g3 Nd7 24. Qg2 Nc5 25. Nb4 Qc3 26. Rab1 Nb3 27. Qe4
Nf6 28. Qd3 Qxd3 29. Nxd3 Nd2 30. Rb7 Nxf1 31. Kxf1 Ra8 32. Ne5 Ne4 33. Rxf7
Nd2+ 34. Kg2 Nc4 35. Rxa7 Rxa7 36. Nxc4 Rxa4 37. Ne5 Re4 38. Nf3 h6 39. h4 Kf7
40. Nh2 Ra4 41. Nf1 Kf6 42. Nh2 Kf5 43. Nf1 Ke4 44. Nd2+ Kd3 45. Nf3 Ra5 46.
Ne1+ Ke4 47. Nc2 Rf5 48. Ne3 Rf8 49. Ng4 Kd3 50. Kf1 h5 51. Ne3 Rc8 0-1

[Event "Presov op A"]
[Site "Presov"]
[Date "2001.08.19"]
[Round "9"]
[White "Del Rio Angelis, Salvador Gabriel"]
[Black "Hasangatin, Ramil"]
[Result "1/2-1/2"]
[WhiteElo "2484"]
[BlackElo "2482"]
[PlyCount "49"]
[EventDate "2001.08.11"]
[EventType "swiss"]
[EventRounds "9"]
[EventCountry "SVK"]
[Source "Fruth,M"]
[SourceDate "2003.05.15"]

1. d4 d5 2. c4 c6 3. Nc3 Nf6 4. Nf3 dxc4 5. e3 b5 6. a4 b4 7. Na2 e6 8. Bxc4
Be7 9. O-O O-O 10. Bd2 a5 11. Nc1 Bb7 12. Nb3 Nbd7 13. Qe2 c5 14. Rfd1 Qb6 15.
Be1 Rfd8 16. dxc5 Nxc5 17. Nfd4 Rac8 18. f3 Nfd7 19. Bf2 Nxb3 20. Nxb3 Nc5 21.
e4 Qc7 22. Bg3 Qb6 23. Bf2 Qc7 24. Bg3 Qb6 25. Bf2 1/2-1/2

[Event "CZE-ch TT 200102"]
[Site "CZE"]
[Date "2002.04.06"]
[Round "10"]
[White "Stocek, Jiri"]
[Black "Hasangatin, Ramil"]
[Result "1/2-1/2"]
[WhiteElo "2545"]
[BlackElo "2480"]
[PlyCount "73"]
[EventDate "2001.10.04"]
[EventType "team"]
[EventRounds "11"]
[EventCountry "CZE"]
[Source "Fruth,M"]
[SourceDate "2003.05.15"]

1. d4 Nf6 2. c4 c6 3. Nc3 d5 4. Nf3 dxc4 5. e3 b5 6. a4 b4 7. Nb1 Ba6 8. Be2 e6
9. O-O Be7 10. Qc2 O-O 11. Bxc4 Bxc4 12. Qxc4 Qd5 13. Nbd2 Nbd7 14. b3 c5 15.
Bb2 cxd4 16. Qxd4 Nc5 17. Rfd1 Qb7 18. Qc4 Nd5 19. Rac1 Rac8 20. Qe2 Bf6 21.
Nd4 Rfd8 22. g3 h6 23. Rc2 Bxd4 24. Bxd4 Nc3 25. Bxc3 Ne4 26. Bf6 Nxf6 27. Rxc8
Qxc8 28. Nc4 Ne4 29. Qc2 f5 30. h4 Rd5 31. Rd3 Qb7 32. Qd1 Nc3 33. Qd2 Ne4 34.
Qd1 Nc3 35. Qd2 Ne4 36. Qd1 Nc3 37. Qd2 1/2-1/2

[Event "RUS-ch sfin"]
[Site "Tula"]
[Date "2002.??.??"]
[Round "4"]
[White "Iljushin, Alexei"]
[Black "Hasangatin, Ramil"]
[Result "1/2-1/2"]
[WhiteElo "2526"]
[BlackElo "2517"]
[PlyCount "66"]
[EventDate "2002.04.??"]
[EventType "swiss"]
[EventRounds "9"]
[EventCountry "RUS"]
[Source "Fruth,M"]
[SourceDate "2003.05.15"]

1. d4 d5 2. c4 c6 3. Nf3 Nf6 4. Nc3 dxc4 5. e3 b5 6. a4 b4 7. Na2 e6 8. Bxc4
Bb7 9. O-O Be7 10. Qe2 O-O 11. Bd2 a5 12. Rfd1 Nbd7 13. Nc1 Qb6 14. Nb3 c5 15.
Be1 Rfd8 16. Bb5 cxd4 17. Nfxd4 Nc5 18. Nd2 Rac8 19. Nc4 Qa7 20. Ne5 Qa8 21. f3
Nd5 22. Rac1 Bf8 23. e4 Nb6 24. Bh4 Rxd4 25. Rxd4 Nb3 26. Rxc8 Nxd4 27. Rxf8+
Qxf8 28. Qe3 Qd6 29. Bf2 Nxb5 30. axb5 Qd1+ 31. Qe1 Qd6 32. Qe3 Qd1+ 33. Qe1
Qd6 1/2-1/2

[Event "EU-ch blitz"]
[Site "Panormo"]
[Date "2002.10.02"]
[Round "4"]
[White "Grivas, Efstratios"]
[Black "Popov, Valerij"]
[Result "0-1"]
[WhiteElo "2494"]
[BlackElo "2568"]
[PlyCount "84"]
[EventDate "2002.10.02"]
[EventType "tourn (blitz)"]
[EventRounds "38"]
[EventCountry "GRE"]
[Source "Fruth,M"]
[SourceDate "2003.05.15"]

1. d4 d5 2. c4 c6 3. Nc3 Nf6 4. Nf3 dxc4 5. e3 b5 6. a4 b4 7. Nb1 Ba6 8. Be2 c5
9. Nbd2 cxd4 10. exd4 c3 11. bxc3 bxc3 12. Nb1 Bxe2 13. Qxe2 e6 14. O-O Nbd7
15. Nxc3 Bb4 16. Nb5 O-O 17. Ne5 a6 18. Nc6 Qb6 19. Nxb4 axb5 20. Qd1 bxa4 21.
Rxa4 Rxa4 22. Qxa4 Qxd4 23. Qa5 Qc5 24. Qxc5 Nxc5 25. Be3 Nce4 26. Ra1 h6 27.
h3 Rc8 28. Ra7 Rc4 29. Nd3 Nd5 30. Ne5 Rc7 31. Ra8+ Kh7 32. Bd4 f6 33. Ng4 e5
34. Ba7 Rc1+ 35. Kh2 Ra1 36. Rd8 Rxa7 37. Rxd5 h5 38. f3 Nc3 39. Rd3 Ne2 40.
Ne3 Ra2 41. h4 Nf4 42. Kg3 Nxd3 0-1

[Event "Chigorin mem op A"]
[Site "St.Petersburg"]
[Date "2002.??.??"]
[Round "5.8"]
[White "Tunik, Gennady"]
[Black "Popov, Valerij"]
[Result "1/2-1/2"]
[WhiteElo "2505"]
[BlackElo "2579"]
[PlyCount "44"]
[EventDate "2002.10.25"]
[EventType "swiss"]
[EventRounds "9"]
[EventCountry "RUS"]
[Source "Fruth,M"]
[SourceDate "2003.05.15"]

1. d4 d5 2. c4 c6 3. Nf3 Nf6 4. Nc3 dxc4 5. e3 b5 6. a4 b4 7. Na2 e6 8. Bxc4
Nbd7 9. O-O a5 10. Bd2 c5 11. Nc1 Be7 12. Nb3 O-O 13. Qe2 Nb6 14. Bb5 c4 15.
Nc5 Qc7 16. Rfc1 Bxc5 17. dxc5 Qxc5 18. Bxc4 Nxc4 19. Qxc4 Qxc4 20. Rxc4 Bd7
21. Ne5 Rfc8 22. f3 Rd8 1/2-1/2

[Event "ch-Privolzhsky Region"]
[Site "Ishevsk RUS"]
[Date "2005.03.24"]
[Round "9"]
[White "Iljushin, A."]
[Black "Kuporosov, V."]
[Result "1-0"]
[WhiteElo "2530"]
[BlackElo "2472"]
[PlyCount "71"]
[EventDate "2005.03.16"]
[EventType "swiss"]
[EventRounds "9"]
[EventCountry "RUS"]
[Source "Mark Crowther"]
[SourceDate "2005.03.28"]

1. d4 d5 2. c4 c6 3. Nf3 Nf6 4. Nc3 dxc4 5. e3 b5 6. a4 b4 7. Na2 e6 8. Bxc4
Bb7 9. O-O Be7 10. Qe2 O-O 11. Rd1 Nbd7 12. Bd2 a5 13. Nc1 Qb6 14. Nb3 c5 15.
Be1 Rfd8 16. Bb5 cxd4 17. Nfxd4 g6 18. Nd2 Nc5 19. Nc4 Qc7 20. f3 Bd5 21. Bg3
Qb7 22. Ne5 Nh5 23. Bf2 Bf6 24. Ndc6 Rdc8 25. Rac1 Bxe5 26. Nxe5 Bb3 27. Rd4
Bxa4 28. Bxa4 Nxa4 29. Rcd1 Nc5 30. g4 Ng7 31. e4 Ne8 32. Rc4 Qa6 33. Qc2 b3
34. Qd2 Nb7 35. Rxc8 Rxc8 36. Nxf7 1-0

[Event "Mallorca op"]
[Site "Mallorca"]
[Date "2000.12.10"]
[Round "9"]
[White "Campos Moreno, Javier B"]
[Black "Franco Ocampos, Zenon"]
[Result "0-1"]
[WhiteElo "2491"]
[BlackElo "2512"]
[PlyCount "84"]
[EventDate "2000.12.02"]
[EventType "swiss"]
[EventRounds "9"]
[EventCountry "ESP"]
[Source "ChessBase"]
[SourceDate "2001.01.11"]

1. d4 d5 2. c4 c6 3. Nf3 Nf6 4. Nc3 dxc4 5. e3 b5 6. a4 b4 7. Ne2 Ba6 8. Ng3
Qd5 9. Be2 Nbd7 10. b3 c5 11. bxc4 Bxc4 12. e4 Bxe2 13. Qxe2 Qb7 14. e5 Nd5 15.
e6 fxe6 16. O-O Nc3 17. Qxe6 Qd5 18. Qe3 cxd4 19. Nxd4 e5 20. Nb5 Nxb5 21. axb5
Bc5 22. Qg5 O-O 23. Nf5 g6 24. Nh6+ Kh8 25. Bb2 Rae8 26. Rad1 Bxf2+ 27. Kh1
Qxb5 28. Qd2 Bd4 29. Rf7 Qc4 30. Bxd4 exd4 31. Qf2 Qc5 32. h3 Rxf7 33. Nxf7+
Kg7 34. Rxd4 Nf6 35. Nd6 Re7 36. Qb2 a5 37. Ne4 Qe5 38. Nxf6 Qxf6 39. Qd2 Qa6
40. Qd3 Re1+ 41. Kh2 Qe6 42. Qc4 Qe5+ 0-1

[Event "GER-ch 3rd Internet Blitz GpA"]
[Site "playchess INT"]
[Date "2005.04.03"]
[Round "1.2"]
[White "Umansky, Mikhail"]
[Black "Krivoshey, Sergei"]
[Result "0-1"]
[WhiteElo "2477"]
[BlackElo "2487"]
[PlyCount "98"]
[EventDate "2005.04.03"]
[EventType "tourn (blitz)"]
[EventRounds "12"]
[EventCountry "GER"]
[EventCategory "7"]
[Source "ChessBase"]
[SourceDate "2005.05.10"]

1. d4 d5 2. c4 c6 3. Nf3 Nf6 4. Nc3 dxc4 5. e3 b5 6. a4 b4 7. Na2 a5 8. Bxc4 e6
9. O-O Be7 10. Bd2 Ba6 11. Qe2 O-O 12. Nc1 c5 13. Nb3 cxd4 14. Nfxd4 Bb7 15.
Rac1 Nbd7 16. Rfd1 Qb8 17. Be1 Ne5 18. Bb5 Neg4 19. f4 Qa7 20. h3 Nh6 21. Rc7
Bd8 22. Rcc1 Bb6 23. Bh4 Nd5 24. Kh2 Rac8 25. Bd3 Rxc1 26. Rxc1 Nxf4 27. exf4
Bxd4 28. Rc7 Bg1+ 29. Kh1 Bb6 30. Rd7 Bxg2+ 31. Qxg2 Qxd7 32. Bf6 g6 33. Nc1
Nf5 34. Bxf5 exf5 35. Ne2 Re8 36. Be5 Rd8 37. Kh2 Qd2 38. h4 Qe1 39. h5 Qh4+
40. Qh3 Qxh3+ 41. Kxh3 Rd2 42. Ng3 Bd4 43. Bc7 Rxb2 44. Bxa5 b3 45. Bc7 Rc2 46.
Bd6 b2 47. a5 b1=Q 48. a6 Rc3 49. a7 Qh1# 0-1

[Event "GER-ch 3rd Internet Blitz GpA"]
[Site "playchess INT"]
[Date "2005.04.03"]
[Round "1.4"]
[White "Umansky, Mikhail"]
[Black "Krivoshey, Sergei"]
[Result "0-1"]
[WhiteElo "2477"]
[BlackElo "2487"]
[PlyCount "86"]
[EventDate "2005.04.03"]
[EventType "tourn (blitz)"]
[EventRounds "12"]
[EventCountry "GER"]
[EventCategory "7"]
[Source "ChessBase"]
[SourceDate "2005.05.10"]

1. d4 d5 2. c4 c6 3. Nf3 Nf6 4. Nc3 dxc4 5. e3 b5 6. a4 b4 7. Na2 b3 8. Nc3 Ba6
9. Ne5 e6 10. g4 Bb4 11. Bd2 O-O 12. Bg2 Nd5 13. Rc1 Be7 14. O-O f6 15. Nf3 Nd7
16. Re1 Nb4 17. Re2 Rc8 18. Be1 Nd3 19. Rb1 c5 20. e4 cxd4 21. Nxd4 N7c5 22.
Ndb5 Qb6 23. Bd2 Rfd8 24. Qf1 Nxa4 25. Be3 Nac5 26. Nd4 Bf8 27. Kh1 Bb7 28. f4
Qc7 29. f5 Qe5 30. Nf3 Qc7 31. g5 Nxe4 32. Nxe4 Bxe4 33. fxe6 f5 34. g6 hxg6
35. Ng5 Bxg2+ 36. Rxg2 Re8 37. Qf3 Be7 38. Rbg1 Bxg5 39. Rxg5 Rxe6 40. Rxg6
Rxg6 41. Rxg6 Qf7 42. Qg2 Re8 43. Bg1 Nf4 0-1

[Event "SWE-ch"]
[Site "Gothenburg"]
[Date "2006.07.09"]
[Round "8"]
[White "Hillarp Persson, Tiger"]
[Black "Cramling, Pia"]
[Result "1-0"]
[WhiteElo "2549"]
[BlackElo "2521"]
[PlyCount "81"]
[EventDate "2006.07.01"]
[EventType "tourn"]
[EventRounds "13"]
[EventCountry "SWE"]
[EventCategory "10"]
[Source "ChessBase"]
[SourceDate "2006.09.14"]

1. d4 d5 2. c4 c6 3. Nf3 Nf6 4. Nc3 dxc4 5. e3 b5 6. a4 b4 7. Na2 e6 8. Bxc4
Nbd7 9. O-O Bb7 10. Bd2 a5 11. Nc1 Bd6 12. Nb3 c5 13. Qe2 O-O 14. Rfd1 Qb6 15.
Be1 Rfd8 16. Bb5 cxd4 17. Nfxd4 Ne5 18. f3 Ng6 19. Rac1 Bf8 20. Bf2 e5 21. Nc6
Rxd1+ 22. Qxd1 e4 23. Qd4 Qxd4 24. exd4 Nf4 25. Nbxa5 Bxc6 26. Nxc6 exf3 27.
gxf3 N6d5 28. Bg3 g5 29. Bxf4 gxf4 30. Bc4 Ne3 31. Bb3 Bd6 32. Kf2 Kg7 33. Ne5
Bxe5 34. dxe5 Ra7 35. Rc6 Rd7 36. Rd6 Re7 37. Rf6 Rd7 38. Rxf4 Rd3 39. Rxf7+
Kg6 40. Rf6+ Kg5 41. Be6 1-0

[Event "Open A"]
[Site "Zadar CRO"]
[Date "2007.12.20"]
[Round "7"]
[White "Rusev, K."]
[Black "Jovanic, O."]
[Result "1/2-1/2"]
[WhiteElo "2479"]
[BlackElo "2492"]
[PlyCount "89"]
[EventDate "2007.12.16"]
[SourceDate "1999.07.01"]

1. d4 d5 2. Nf3 c6 3. c4 Nf6 4. Nc3 dxc4 5. e3 b5 6. a4 b4 7. Na2 e6 8. Bxc4
Bb7 9. O-O Nbd7 10. Qe2 Be7 11. Rd1 O-O 12. Bd2 a5 13. Nc1 c5 14. Nb3 Qb6 15.
Be1 cxd4 16. Nfxd4 Ne5 17. Bb5 Ne4 18. f3 Nd6 19. Bf2 Nxb5 20. Nxb5 Bd5 21. Nd2
Qb7 22. e4 Bc6 23. Nb3 Rfc8 24. Nd6 Bxd6 25. Rxd6 Qe7 26. Rdd1 Be8 27. Bd4 Nd7
28. Be3 f6 29. Qd2 Ne5 30. Qf2 Qf7 31. h3 Nc4 32. Bc5 e5 33. Qe2 Nb6 34. Bxb6
Qxb3 35. Rd3 Rc2 36. Rd2 Rc6 37. Qe3 Qe6 38. Rd8 Rcc8 39. Rxc8 Qxc8 40. Rc1 Qe6
41. b3 Bf7 42. Rc5 Qxb3 43. Qxb3 Bxb3 44. Bxa5 Bxa4 45. Bxb4 1/2-1/2

[Event "Isbank Ataturk Women's Masters"]
[Site "Istanbul TUR"]
[Date "2008.03.18"]
[Round "8"]
[White "Javakhishvili, L."]
[Black "Cramling, P."]
[Result "1-0"]
[WhiteElo "2470"]
[BlackElo "2524"]
[PlyCount "103"]
[EventDate "2008.03.11"]
[SourceDate "1999.07.01"]

1. d4 d5 2. c4 c6 3. Nf3 Nf6 4. Nc3 dxc4 5. e3 b5 6. a4 b4 7. Nb1 e6 8. Bxc4
Be7 9. Nbd2 O-O 10. O-O c5 11. Qe2 Bb7 12. Rd1 Qc7 13. a5 cxd4 14. exd4 Bd5 15.
b3 Nc6 16. a6 Rac8 17. Bb2 Rfd8 18. Rdc1 Qb8 19. Rc2 Bf8 20. Rac1 Ne7 21. Ne5
Qd6 22. Bd3 Rxc2 23. Rxc2 Ng6 24. Qe3 Ba8 25. Bf1 Nd5 26. Qg3 Qb8 27. Ndc4 Nde7
28. Nxg6 hxg6 29. Qxb8 Rxb8 30. Na5 Nd5 31. Nc6 Rc8 32. Nxb4 Rb8 33. Nxd5 Bxd5
34. Bc4 Rb6 35. Kf1 f6 36. Bc1 Bxc4+ 37. bxc4 Rxa6 38. c5 Rc6 39. Be3 Kf7 40.
Ke2 Ke8 41. Kd3 Kd7 42. Ra2 a6 43. h4 Be7 44. Kc4 Bd6 45. Ra1 Bc7 46. g4 Bd8
47. f4 Be7 48. f5 gxf5 49. gxf5 Kc8 50. h5 Bf8 51. Bf2 Kd7 52. Re1 1-0

[Event "Victor Ciocaltea mem"]
[Site "Bucharest ROM"]
[Date "2008.03.17"]
[Round "4"]
[White "Romanishin, O."]
[Black "Murariu, A."]
[Result "1/2-1/2"]
[WhiteElo "2528"]
[BlackElo "2483"]
[PlyCount "48"]
[EventDate "2008.03.14"]
[SourceDate "1999.07.01"]

1. d4 d5 2. Nf3 Nf6 3. c4 c6 4. Nc3 dxc4 5. e3 b5 6. a4 b4 7. Ne2 e6 8. Nf4 Bb7
9. Bxc4 Nbd7 10. a5 c5 11. O-O Rc8 12. d5 exd5 13. Nxd5 Nxd5 14. Bxd5 Bxd5 15.
Qxd5 Nf6 16. Qc4 Qd5 17. Qxd5 Nxd5 18. e4 Nf6 19. e5 Nd5 20. Rd1 Rd8 21. Kf1
Be7 22. Bd2 O-O 23. Rac1 f6 24. e6 Ra8 1/2-1/2

[Event "Corus C"]
[Site "Wijk aan Zee NED"]
[Date "2008.01.22"]
[Round "9"]
[White "Grivas, E."]
[Black "Li Shilong"]
[Result "0-1"]
[WhiteElo "2509"]
[BlackElo "2502"]
[PlyCount "64"]
[EventDate "2008.01.12"]
[SourceDate "1999.07.01"]

1. d4 d5 2. c4 c6 3. Nf3 Nf6 4. Nc3 dxc4 5. e3 b5 6. a4 b4 7. Nb1 Ba6 8. Be2 e6
9. O-O c5 10. Nbd2 Nc6 11. Nxc4 cxd4 12. exd4 Be7 13. Nce5 Bxe2 14. Qxe2 Nxe5
15. dxe5 Nd5 16. Nd2 O-O 17. Nc4 Rc8 18. b3 Nc3 19. Qc2 Bc5 20. Bb2 Nd5 21. Qe4
Qg5 22. g3 Qg6 23. Qf3 f6 24. exf6 Nxf6 25. Qe2 Ne4 26. Ne3 Ng5 27. Nd1 Bxf2+
28. Nxf2 Rc2 29. Qe3 Rfxf2 30. Rxf2 Nh3+ 31. Kg2 Rxf2+ 32. Kxh3 Qh5# 0-1